Berühmtheiten der 2020er-Jahre - Statistiken

Allgemein
  • Dieses Quiz wurde 854 mal gespielt
  • Das Durchschnittsergebnis liegt bei 10 aus 16
Antwortstatistiken
Bildquiz Antwort % Korrekt
Elon Musk
97%
Billie Eilish
90%
Greta Thunberg
88%
Kylian Mbappe
88%
MrBeast
81%
Max Verstappen
79%
Tom Holland
79%
Zendaya
78%
Margot Robbie
65%
The Weeknd
59%
Lil Nas X
58%
Millie Bobby Brown
48%
Michael B. Jordan
45%
Chris Evans
42%
Joe Rogan
28%
Jung Kook
16%
Keine übereinstimmenden Quizze gefunden
Verteilung der Resultate
Anzahl Personen mit jedem Resultat
Perzentil nach korrekt beantworteten Fragen
Ihre Resultats-Entwicklung
Sie haben dieses Quiz noch nicht gespielt